La planificación estratégica en las organizaciones deportivas

Gorde:
Xehetasun bibliografikoak
Egile nagusia: París Roche, Fernando (autor)
Formatua: Liburua
Hizkuntza:gaztelania
Argitaratua: Barcelona Paidotribo 1998
Edizioa:2a. ed
Saila:Colección Gestión y Administración
Gaiak:
Etiketak: Etiketa erantsi
Etiketarik gabe, Izan zaitez lehena erregistro honi etiketa jartzen!

MARC

LEADER 00000nam a2200000 a 4500
001 UCO9378
003 CL-VaPUC
008 010302e19980000SP |||||||||||||||||spa|d
082 0 4 |a 796.069  |b PAR  |2 21 
100 |a París Roche, Fernando  |e autor  |9 533294 
245 1 3 |a La planificación estratégica en las organizaciones deportivas 
250 |a 2a. ed 
300 |a 171 p 
942 |c BK 
945 |d 20010302 00:00:00  |a vberengu 
260 |a Barcelona  |b Paidotribo  |c 1998 
650 7 |a DEPORTE  |2 CL-VaPUC  |9 454480 
650 7 |a PLANIFICACION  |2 CL-VaPUC  |9 260802 
650 7 |a ESTRATEGIAS  |2 CL-VaPUC  |9 342878 
583 |a last modification  |c 20010302 00:00:00  |k Rodrigo Vera 
490 0 |a Colección Gestión y Administración 
999 |c 293591  |d 293589 
952 |0 0  |1 0  |4 0  |6 796_069000000000000_PAR_1998  |7 0  |8 A  |9 345216  |a BIBEDU  |b BIBEDU  |d 2019-11-20  |i 3681114  |o 796.069 PAR 1998  |p 3681114  |r 2019-11-20  |w 2019-11-20  |y BK  |k EFI